| 000 | 00572cam a22002053a 4500 | ||
|---|---|---|---|
| 001 | 44611 | ||
| 003 | PGUSA | ||
| 005 | 20140828084022.0 | ||
| 008 | 140107s2014||||xxu|||||s|||||000 | eng d | ||
| 040 |
_aPGUSA _beng |
||
| 042 | _adc | ||
| 100 | 1 |
_aLeonhard, Rudolf, _d1889-1953 |
|
| 245 | 1 | 0 |
_aPolnische Gedichte _h[electronic resource] / _cRudolf Leonhard |
| 260 |
_bProject Gutenberg, _c2014 |
||
| 506 | _aPublic domain in the USA. | ||
| 516 | _aElectronic text | ||
| 830 | 0 |
_aProject Gutenberg _v44611 |
|
| 856 | 4 | 0 | _uhttp://www.gutenberg.org/ebooks/44611 |
| 942 | _cEB | ||
| 999 |
_c273862 _d273862 |
||